Teoría microeconómica

Guardat en:
Dades bibliogràfiques
Autors principals: Henderson, James Mitchell (Autor), Quandt, Richard E (Autor)
Format: Llibre
Idioma:espanyol
Publicat: Barcelona Ariel 1985
Edició:3a. ed
Col·lecció:Ariel Economía
Matèries:
Etiquetes: Afegir etiqueta
Sense etiquetes, Sigues el primer a etiquetar aquest registre!

MARC

LEADER 00000nam a2200000 a 4500
001 UCL5582
003 CL-VaPUC
008 040312e19850000SP |||||||||||||||||spa|d
020 |a 843442004X 
082 0 4 |a 338.521  |b HEN  |2 21 
100 |a Henderson, James Mitchell  |e author  |9 483295 
700 0 |a Quandt, Richard E  |e author  |9 483296 
245 1 0 |a Teoría microeconómica 
250 |a 3a. ed 
300 |a 534 p 
942 |c BK 
945 |d 20040312 00:00:00  |a cmena 
260 |a Barcelona  |b Ariel  |c 1985 
650 0 |a Microeconomía  |9 258126 
650 0 |a Administración de empresas   |9 260833 
650 0 |a Economía matemática  |9 270388 
583 |a last modification  |c 20180511 12:54:34  |k Rodrigo Vera 
490 0 |a Ariel Economía 
999 |c 308091  |d 308089 
952 |0 0  |1 0  |4 0  |6 338_521000000000000_HEN_1985  |7 0  |8 A  |9 374333  |a BIBING  |b BIBING  |d 2019-11-21  |i 3990311  |l 6  |o 338.521 HEN 1985  |p 3990311  |r 2025-01-20  |s 2022-06-08  |w 2019-11-21  |y BK  |k TRA